Colonial Production in Provincial Java (Record no. 6560)

MARC details
000 -LEADER
fixed length control field 00677nam a2200253 a 4500
020 ## - INTERNATIONAL STANDARD BOOK NUMBER
ISBN 9053832
082 00 - DEWEY DECIMAL CLASSIFICATION NUMBER
Classification number 633.6109
Author Cutter KNI
100 ## - MAIN ENTRY--AUTHOR NAME
Author name Knight, G R
245 ## - TITLE STATEMENT
Title Colonial Production in Provincial Java
Sub title Sugar Industries in Pekalongan-Tega
260 ## - PUBLICATION, DISTRIBUTION, ETC. (IMPRINT)
Place of publication Amsterdam
Name of publisher Centre for Asian Studies
Year of publication 1993
300 ## - PHYSICAL DESCRIPTION
Number of Pages 67p
500 ## - GENERAL NOTE
General note includes index and biblioraphy
505 2# - FORMATTED CONTENTS NOTE
Formatted contents note Bibliography
650 ## - SUBJECT ADDED ENTRY--TOPICAL TERM
Topical Term Sugar-Java
650 ## - SUBJECT ADDED ENTRY--TOPICAL TERM
Topical Term Java-Colonial Period
942 ## - ADDED ENTRY ELEMENTS (KOHA)
Koha item type Books
700 1# -
-- Knight, G R
Holdings
Collection code Home library Current library Date acquired Cost, normal purchase price Full call number Accession Number Koha item type
  Henry Martyn Institute Library Henry Martyn Institute Library 06/12/2007 100.00 633.6109 KNI 014789 Books
                   Copyright © 2026 | Henry Martyn Institute | Hyderabad | TS-500052 | INDIA | Implemented by hmi.edu.in
Hit-Count:

Powered by Koha